00651nam a2200277Ia 4500008004000000020001800040041000800058082001300066100001800079245008700097250000500184260004100189300001200230650001200242650001300254650000800267650000800275650000700283650001900290650000800309650000700317650001100324650002400335650000800359650000600367210210b2016 xxu||||| |||| 00| 0 eng d a9789352533114 aeng a591 AGAZ aAGARWAL (V K) aZoology for degree students chordata/Physiology I/Biochemistry I: Bsc III sem Ed 1 a aNew DelhibS. Chand & Co. Ltd.c2016 axvi,957 aZoology astudents asem aIII aI: aI/Biochemistry afor aEd adegree achordata/Physiology aBsc a1